LEADER 01506nam a2200337 i 4500 001 000000139368 003 CaOOAMICUS 005 20220125103634.0 008 050520s1999 it u000 u ita u 013 $a113401 020 $a88-17-14710-9 040 $aSeMil$bita 100 1 $aBetocchi, Carlo,$d<1899-1986>.$0(OLS)http://semarc/name/6439 245 10$aDal definitivo istante :$bpoesie scelte e inediti /$cCarlo Betocchi ; a cura di Giorgio Tabanelli ; prefazione di Mario Luzi ; introduzione di Carlo Bo. 260 $aMilano :$bBiblioteca Universale Rizzoli,$c1999. 300 $a288 p. ;$c21 cm. 490 0 $aI libri dello spirito cristiano 541 $aFondo card. Carlo Maria Martini 650 4$aPoesia.$0(OLS)http://semarc/subject/5458 700 1 $aBo, Carlo,$d<1911-2001>.$0(OLS)http://semarc/name/7656 700 1 $aLuzi, Mario,$d<1914-2005>.$0(OLS)http://semarc/name/1555 700 1 $aTabanelli, Giorgio.$0(OLS)http://semarc/name/55303 830 2$aI libri dello spirito cristiano.$0(OLS)http://semarc/title/9336 850 $aSeMil 852 $aSeMil$W1$xVenegono$y1$m1B IV 113$j92777$B92777$CSeMilBibl$Z2$F98017 $81 941 1 $a4 961 $aFondo card. Carlo Maria Martini 996 $6020$a88-17-14710-9$9(OLS)http://semarc/number/127374 996 $6245$aDal definitivo istante :$bpoesie scelte e inediti$9(OLS)http://semarc/title/203639 996 $6260$aMilano :$bBiblioteca Universale Rizzoli$9(OLS)http://semarc/publisher/31907 LEADER 01709nam a2200301 i 4500 001 000000065890 003 CaOOAMICUS 005 20131203000000.0 008 131203s1980 xx u000 u ger u 013 $a37062 020 $a3-506-79430-2 040 $aSeMil$bita 100 1 $aKöstler, Hermann.$0(OLS)http://semarc/name/33107 245 10$aMartin Grabmann :$bNachlaß und Schriftum /$cHermann Köstler, Ludwig Ott ; mit einem Nachlaßteil con Clemens Bäumker. 260 $aPaderborn [etc.] :$bFerdinand Schöningh,$c1980. 300 $aXIV, 239 p. ;$c24 cm. 490 0 $aVeröffentlichungen des Grabmann-Institutes zur Erforschung der mittelalterlichen Theologie und Philosophie. Neue Folge ;$v30 490 0 $aMünchener Universitätsschriften : Philosophische Fakultät Altertumskunde und Kulturwissenschaften 650 4$aGrabmann, Martin.$0(OLS)http://semarc/subject/2445 700 1 $aBäumker, Clemens.$0(OLS)http://semarc/name/32825 700 1 $aOtt, Ludwig,$d<1906-1985>.$0(OLS)http://semarc/name/16700 830 0$aVeröffentlichungen des Grabmann-Institutes zur Erforschung der mittelalterlichen Theologie und Philosophie. Neue Folge ;$v30.$0(OLS)http://semarc/title/192 830 0$aMünchener Universitätsschriften : Philosophische Fakultät Altertumskunde und Kulturwissenschaften.$0(OLS)http://semarc/title/11289 850 $aSeMil 852 $aSeMil$W1$xVenegono$y1$m2N I 280$j32043$B32043$CSeMilBibl$Z2$F32046 $81 996 $6020$a3-506-79430-2$9(OLS)http://semarc/number/43370 996 $6245$aMartin Grabmann :$bNachlaß und Schriftum$9(OLS)http://semarc/title/104674 996 $6260$aPaderborn [etc.] :$bFerdinand Schöningh$9(OLS)http://semarc/publisher/29622